Formule 1 - Ecuries victorieuses au moins une fois - Statistiques

Statistiques générales
  • Ce quiz a été pris 1 459 fois
    715 depuis la dernière actualisation
  • Le résultat moyen est 15 sur 37
Statistiques - réponses
Pays Années en F1 Victoires Ecurie % Correct
Italie 1950- en cours 248 Ferrari
100%
Royaume-Uni 1966- en cours 189 Mclaren
99%
Allemagne 1954-1955, 2010- en cours 129 Mercedes
99%
Autriche / Royaume-Uni 2005- en cours 122 Red Bull
99%
France 1977-1985, 2002-2011, 2016- en cours 35 Renault
95%
France 2021- en cours 1 Alpine
94%
Royaume-Uni 1977- en cours 114 Williams
92%
Royaume-Uni 1959-1994, 2010-2015 81 Team Lotus
74%
Italie 2020-2023 1 AlphaTauri
71%
Italie 1950-1985, 2019- en cours 10 Alfa Romeo
69%
Italie 2006-2019 1 Toro Rosso
58%
Royaume-Uni / Italie 1986-2001 27 Benetton
57%
Royaume-Uni 2009 8 Brawn GP
54%
Japon 1964-1968, 2006-2008 3 Honda
53%
Royaume-Uni 1962-1992 35 Brabham
43%
Italie 2019–2020 1 Racing Point
43%
Irlande 1991-2005 4 Jordan
42%
Royaume-Uni 1970-1998 23 Tyrrell
39%
France 1976–1996 9 Ligier
37%
Italie 1950–1960 9 Maserati
33%
Royaume-Uni 1950-1969 16 Cooper
27%
Royaume-Uni 1951-1977 17 British Racing Motors
26%
Allemagne 1957–1964 1 Porsche
24%
France 1967–1972 9 Matra
23%
Royaume-Uni 1954–1960 9 Vanwall
19%
Allemagne 1993–2018 1 BMW Sauber
18%
Royaume-Uni 1997–1999 1 Stewart
17%
Royaume-Uni 1970–1977, 1981–1982, 1987–1989, 1992 3 March
8%
Canada 1977–1979 3 Wolf
8%
Royaume-Uni 1974–1978 1 Hesketh
6%
Etats-Unis 1974–1977 1 Penske
6%
Etats-Unis 1966–1969 1 Eagle
5%
Royaume-Uni 1973–1980 1 Shadow
5%
Etats-Unis 1950-1960 5 Kurtis Kraft
3%
Etats-Unis 1950-1953, 1956-1960 3 Watson
2%
Etats-Unis 1955-1960 2 Epperly
1%
Etats-Unis 1951-1960 1 Kusma
0%
Aucun quiz correspondant
Distribution des résultats
% des personnes avec chaque résultat
Percentile par nombre de réponses
Votre historique - résultats
Vous n’avez pas pris ce quiz depuis la dernière actualisation